[Event "87th UKR-ch"]
[Site "Kyiv UKR"]
[Date "2018.12.20"]
[Round "9"]
[White "Korobov, Anton"]
[Black "Moiseenko, Olexandr"]
[WhiteElo "2698"]
[BlackElo "2640"]
[Result "1/2-1/2"]
[EventDate "2018.12.11"]
[PlyCount "36"]

1. d4 Nf6 2. c4 e6 3. Nf3 Bb4+ 4. Bd2 c5 5. Bxb4 cxb4 6. g3 O-O 7. Bg2 d6 8. O-O Nc6 9. a3 Re8 10. axb4 Nxb4 11. Nc3 Bd7 12. Nd2 Bc6 13. Bxc6 Nxc6 14. e3 h6 15. Qb3 Qe7 16. Nde4 Nxe4 17. Nxe4 a5 18. Qb5 f5 1/2-1/2